|
|
|
|
| LEADER |
00000nam0a2200000 4500 |
| 001 |
364701 |
| 005 |
20231102011720.0 |
| 035 |
|
|
|a (RuTPU)RU\TPU\retro\22059
|
| 090 |
|
|
|a 364701
|
| 100 |
|
|
|a 20211125d1981 km y0rusy50 ca
|
| 101 |
0 |
|
|a rus
|
| 102 |
|
|
|a RU
|
| 105 |
|
|
|a a g 001zy
|
| 200 |
1 |
|
|a Теплозащита в металлургии
|e справочник
|f С. В. Петров, А. Ф. Шорин
|
| 210 |
|
|
|a Москва
|c Металлургия
|d 1981
|
| 215 |
|
|
|a 120 с.
|c ил.
|
| 320 |
|
|
|a Библиогр.: с. 114-118
|
| 606 |
1 |
|
|a Металлургические заводы
|x Теплозащита
|2 stltpush
|3 (RuTPU)RU\TPU\subj\42833
|9 62450
|
| 610 |
1 |
|
|a металлургические цеха
|
| 610 |
1 |
|
|a тепловые излучения
|
| 610 |
1 |
|
|a теплозащитные средства
|
| 610 |
1 |
|
|a принципы
|
| 610 |
1 |
|
|a практическое использование
|
| 610 |
1 |
|
|a технологическая подготовка
|
| 610 |
1 |
|
|a справочники
|
| 675 |
|
|
|a 669.013:628(035)
|v 4
|
| 700 |
|
1 |
|a Петров
|b С. В.
|g Сергей Викторович
|
| 701 |
|
1 |
|a Шорин
|b А. Ф.
|g Андрей Федорович
|
| 801 |
|
1 |
|a RU
|b 63413507
|c 20211125
|
| 801 |
|
2 |
|a RU
|b 63413507
|c 20211125
|g RCR
|
| 942 |
|
|
|c BK
|